| 000 | 00400nam a22001337a 4500 | ||
|---|---|---|---|
| 008 | 230704b xxu||||| |||| 00| 0 eng d | ||
| 020 | _a0100219152 | ||
| 082 |
_a339.47 _bHOC |
||
| 110 | _bHouse of commonns | ||
| 245 |
_aSelect Committee on Standard in Public Life _bSecond report _cTogether with Minutes of Proceedings |
||
| 260 |
_aLondon _bhouse of Commons _c1995 |
||
| 300 | _axxii | ||
| 942 |
_2ddc _cBK |
||
| 999 |
_c3584 _d3584 |
||